Maddening Moving Movie Quotes Quiz Stats

Quiz Updated May 7, 2012

Also try: Moving Pictures
Challenge
Share
Tweet
There are 20 fairly iconic movie quotes, 8 words max. They display one word at a time and change every 5 seconds.
Score 0/20 Timer 04:00
1 Play Today
Quote Movie % Correct
Dirty Dancing
78.6%
Gone with the Wind
76.3%
Star Wars
62.4%
Die Hard
58.6%
Airplane!
52.8%
Jerry Maguire
52%
Casablanca
50.8%
Meet the Parents
50%
A League of Their Own
48.7%
Taxi Driver
43.6%
Quote Movie % Correct
A Few Good Men
43.5%
The Sixth Sense
39.2%
Psycho
39%
Scarface
33%
Field of Dreams
27.9%
The Blues Brothers
24.6%
The Wizard of Oz
22.3%
Pulp Fiction
20.8%
Sudden Impact
19.3%
When Harry Met Sally
15.6%

You're not logged in!

Compare scores with friends on all Sporcle quizzes.
Sign Up with Email
OR
Log In

You Might Also Like...

Show Comments

Extras

Top Quizzes Today


Score Distribution

Your Account Isn't Verified!

In order to create a playlist on Sporcle, you need to verify the email address you used during registration. Go to your Sporcle Settings to finish the process.